Les cookies pas cuits d'Alix - Statistiques

Statistiques générales
  • Ce quiz a été pris 8 fois
  • Le résultat moyen est 2 sur 11
Statistiques - réponses
Hint Réponse % Correct
P Alix
75%
P La cuisson
63%
P Le goût
25%
P Les ingredients
25%
P La taille
13%
P La texture
13%
P La couleur
0%
P L'apparence
0%
P L'emballage
0%
P Les pépites de chocolat
0%
P L'odeur
0%
Aucun quiz correspondant
Distribution des résultats
% des personnes avec chaque résultat
Percentile par nombre de réponses
Votre historique - résultats
Vous n’avez pas pris ce quiz